00958nam a2200253 a 450000100060000000300080000600500170001400800410003102000150007203500190008704000340010604100080014008200240014810000330017224501770020526000370038230000270041949000600044650400450050665000270055165000390057870000270061783000600064446949BD-RjUL20211209054233.0160806s1969 xxk b u001 eng  a0521073413 a(BD-RjUL)47068 aNUWS:WbengcBD-RjULdBD-RjUL aeng00a370.1223bSMM 19691 aArnold, Matthew,d1822-1888.10aMatthew Arnold and the education of the new order :ba selection of Arnold's writings on education /cWith an introduction and notes by Peter Smith and Geoffrey Summerfield aLondon :bCambridge U.P.,c1969. aviii, 260 p. ;c19 cm.0 aCambridge texts and studies in the history of education aIncludes index and Bibliography: p. 257. 0aEducationxPhilosophy. 0aEducationzGreat BritainxHistory.1 aSummerfield, Geoffrey. 0aCambridge texts and studies in the history of education